Kto na Slovensku stratí domov, väčšinou oň príde navždy

Rozhovor o príčinách bezdomovstva so zakladateľkou občianskeho združenia Proti prúdu. Pribúdanie ľudí bez domova. Veľký problém - zima. Predajcovia Nota bene. Pohadzovanie horúceho zemiaka medzi štátom, samosprávou a krajom. Chýbajúce nájomné obecné byty. Projekt Nosiči batožín.

Gespeichert in:
Bibliographische Detailangaben
1. Verfasser: Legéň, Marek
Weitere Verfasser: Tordová, Sandra
Format: Buchkapitel
Sprache:Slowakisch
Schlagworte:
Tags: Tag hinzufügen
Keine Tags, Fügen Sie das erste Tag hinzu!

MARC

LEADER 00000naa a2200000 4500
001 0226064
005 20231113105845.2
041 0 |a slo 
044 |a SK 
245 1 0 |a Kto na Slovensku stratí domov, väčšinou oň príde navždy  |c Marek Legéň, Sandra Tordová 
520 |a Rozhovor o príčinách bezdomovstva so zakladateľkou občianskeho združenia Proti prúdu. Pribúdanie ľudí bez domova. Veľký problém - zima. Predajcovia Nota bene. Pohadzovanie horúceho zemiaka medzi štátom, samosprávou a krajom. Chýbajúce nájomné obecné byty. Projekt Nosiči batožín. 
610 2 0 |a ľudia bez domova 
610 2 0 |a bývanie 
610 2 0 |a byty sociálne 
610 2 0 |a združenia občianske 
610 2 0 |a projekty 
610 2 0 |a pomoc sociálna 
100 1 |a Legéň, Marek 
700 1 |a Tordová, Sandra